Analýza marketingového prostredia vybraného podniku diplomová práca

Gespeichert in:
Bibliographische Detailangaben
1. Verfasser: Olšavová, Dominika
Körperschaft: Fakulta podnikového manažmentu EU. Katedra podnikovohospodárska
Weitere Verfasser: Grančičová, Katarína, 1967-
Format: Buch
Sprache:Slowakisch
Veröffentlicht: Bratislava 2011
Tags: Tag hinzufügen
Keine Tags, Fügen Sie das erste Tag hinzu!

MARC

LEADER 00000nbm a2200000 4500
001 0131523
005 20161109101711.3
041 0 |a slo 
044 |a SK 
245 1 0 |a Analýza marketingového prostredia vybraného podniku  |b diplomová práca  |c Dominika Olšavová ; školiteľ: Katarína Grančičová 
264 1 |a Bratislava  |c 2011 
300 |a 95 s. 
100 1 |a Olšavová, Dominika 
700 1 |a Grančičová, Katarína, 1967- 
710 2 |a Fakulta podnikového manažmentu EU. Katedra podnikovohospodárska